Open Data Biblioteca Nacional de Portugal


República Portuguesa: Ministério da Cultura
Biblioteca Nacional de Portugal

Catálogo da BNP: acesso por Identificadores Unívocos
Registos Bibliográficos associados ao registo de autoridade

Etiqueta de registo: 00254nam 2200025 450
001 2252799
003 http://id.bnportugal.gov.pt/bib/catbnp/2252799
010 ## $a978-989-36460-3-8
021 ## $aPT$b556863/25
100 ## $a20260122d2025 m y0pory01030103ba
101 0# $apor
102 ## $aPT
105 ## $aa z 000yy
106 ## $ar
200 1# $aGIOE - sempre prontos$fJosé Augusto do Vale Faria$gpref. José Ramos-Horta
205 ## $a1ª ed
210 #9 $aPorto$cFronteira do Caos,$d2025
215 ## $a450 p.$cil.$d24 cm
675 ## $a355.35.08(469)(091)$vBN$zpor$31981568
675 ## $a351.74(469)(091)$vBN$zpor$3917661
700 #1 $aFaria,$bJosé Augusto do Vale,$f1965-$31980760
712 01 $aTimor-Leste.$bPresidente da República,$c2022- (José Ramos Horta)$4080$31933476
801 #0 $aPT$bBN$gRPC
856 41 $uhttp://rnod.bnportugal.gov.pt/ImagesBN/winlibimg.aspx?skey=&doc=2252799&img=218377&save=true
900 ## $aBIBNAC$d20260225
966 ## $lBN$mFGMON$sS.C. 168444 V.$x1
966 ## $lBN$mFGMON$sS.C. 168444 V.-D$x1
971 ## $ccsilva$d20260122
973 ## $ctrodrigues$d20260126
975 ## $e0$d20260225$viquintas

Etiqueta de registo: 00254nam 2200025 450
001 2283085
003 http://id.bnportugal.gov.pt/bib/catbnp/2283085
010 ## $a978-989-36460-3-8
021 ## $aPT$b559112/26
100 ## $a20260327d2026 m y0pory01030103ba
101 0# $apor
102 ## $aPT
105 ## $aa z 000yy
106 ## $ar
200 1# $aGIOE - sempre prontos$fJosé Augusto do Vale Faria$gpref. José Ramos-Horta
205 ## $a2ª ed
210 #9 $aPorto$cFronteira do Caos,$d2026
215 ## $a450 p.$cil.$d24 cm
700 #1 $aFaria,$bJosé Augusto do Vale,$f1965-$31980760
712 01 $aTimor-Leste.$bPresidente da República,$c2022- (José Ramos Horta)$4080$31933476
801 #0 $aPT$bBN$gRPC
966 ## $lBN$mFGMON$x1
966 ## $lBN$mFGMON$x1
971 ## $corlando$d20260327

OpendataBNP@bnportugal.pt | Mais informação sobre acesso aos dados BNP